00533nam a2200193 a 4500001001300000003000900013005001700022008004100039020002300080082001900103100002300122245004200145260004500187300000900232500003500241505002400276650001600300700002300316nice12345678IN_TiNIC20260116013925.0050524s1997 dela grp 000 0 eng  a0706995 c12500a305.40954bCHA aChatterji, Shoma A aIndian Women`s Search for an Identity aDelhi bVikas Pub House Pvt. Ltd. c1997 a284p aincludes index and biblioraphy2 aBibliography, Index aWomen-India1 aChatterji, Shoma A